000 00955nam a2200289 i 4500
003 EG-GICUC
005 20260421094127.0
008 260421s1898 fre||||fr|||| 001 0 fre d
040 _aEG-GiCUC
_bfre
_cEG-GiCUC
_dEG-GiCUC
_eRda
082 0 4 _221
_a343
_bGA.D
092 0 4 _221
099 _aLaw1 10 343 GA.D 2ed 1898
100 1 _aGarraud, R. .
245 _aDroit Pénal Français /
_cR. Garraud
250 _aDeuxième Édition.
264 _aParis :
_bLibrairie De La Société Du Recueil Général Des Lois Et Des Arbets ,
_c1898.
300 _a748 page :
_c 24 cm.
336 _2rda contenu
_a texte
337 _2rda medias
_aOrdinateur
338 _2 transporteur rda
_a Ressource en ligne
504 _aIncludes bibliographical references and index.
650 1 _aSciences Criminelles.
_2qrmak
651 1 _2qrmak
856 4 0 _uhttps://fll.law.cu.edu.eg/fulltext/bks/B10-09916.pdf
905 _a168
_eEman
942 _2ddc
_cBK
_e21
_n0
999 _c72522
_d72522